| 000 | 02700cam a2200553 a 4500 | ||
|---|---|---|---|
| 999 |
_c4112 _d4112 |
||
| 001 | ocm48958415 | ||
| 003 | OCoLC | ||
| 005 | 20171111144236.0 | ||
| 008 | 020201s2006 nju b 001 0 eng | ||
| 010 | _a 2002001569 | ||
| 016 | 7 |
_a006598197 _2Uk |
|
| 020 |
_a0865438811 _q(hardback) |
||
| 020 |
_a9780865438811 _q(hardback) |
||
| 020 |
_a086543882X _q(pbk.) |
||
| 020 |
_a9780865438828 _q(pbk.) |
||
| 029 | 1 |
_aAU@ _b000023359591 |
|
| 029 | 1 |
_aHEBIS _b106927035 |
|
| 029 | 1 |
_aNZ1 _b6746447 |
|
| 029 | 1 |
_aYDXCP _b100243385 |
|
| 029 | 1 |
_aYDXCP _b1899213 |
|
| 035 | _a(OCoLC)48958415 | ||
| 040 |
_aDLC _beng _cDLC _dBAKER _dBTCTA _dYDXCP _dHEBIS _dBDX _dOCLCF _dOCLCO _dUKMGB _dOCLCQ _dOCL _dUEJ |
||
| 043 |
_af------ _af-tz--- |
||
| 049 | _aTZAA | ||
| 050 | 0 | 0 |
_aDT448 _b.L44 |
| 082 | 0 | 0 |
_a967.804/092 _221 |
| 100 |
_aMcDonald, David & Sahle, Eunice Njeri _eEds |
||
| 245 | 0 | 4 |
_aLegacies of Julius Nyerere : influences on development discourse and practice in Africa _binfluences on development discourse and practice in Africa / _cedited by David McDonald and Eunice Njeri Sahle. |
| 260 |
_aTrenton, NJ : _bAfrica World Press, _c2002. |
||
| 300 |
_axiv, 145 pages ; _c23 cm |
||
| 504 | _aIncludes bibliographical references and index. | ||
| 505 | 0 | _aThe politics of self-reliance / by Ngugi wa Thiong'o -- Julius Nyerere and the theory and practice of (un)democratic socialism in Africa / by John S. Saul -- The challenge of development in Tanzania / by Julius E. Nyang'oro -- The ethical foundation of Julius Nyerere's legacy / by Cranford Pratt -- An economist's reflections on the legacies of Julius Nyerere / by Gerry Helleiner -- Julius Nyerere's critical education thought / by Eunice Njeri Sahle -- Inspiration for a new generation? / by David A. McDonald -- Defining socialism in Tanzania / by Julius K. Nyerere. | |
| 600 | 1 | 0 |
_aNyerere, Julius K., _d1922-1999 _xInfluence. |
| 600 | 1 | 7 |
_aNyerere, Julius K., _d1922-1999 _2fast |
| 600 | 1 | 7 |
_aNyerere, Julius K. _2swd |
| 648 | 7 |
_aSince 1960 _2fast |
|
| 650 | 7 |
_aInfluence (Literary, artistic, etc.) _2fast |
|
| 650 | 7 |
_aPolitics and government _2fast |
|
| 651 | 0 |
_aTanzania _xPolitics and government _y1964- |
|
| 651 | 0 |
_aAfrica _xPolitics and government _y1960- |
|
| 651 | 7 |
_aAfrica. _2fast |
|
| 651 | 7 |
_aTanzania. _2fast |
|
| 700 | 1 |
_aMcDonald, David A. _q(David Alexander) |
|
| 700 | 1 | _aSahle, Eunice Njeri. | |
| 776 | 0 | 8 |
_iOnline version: _tLegacies of Julius Nyerere. _dTrenton, NJ : Africa World Press, 2002 _w(OCoLC)606815944 |
| 856 | 4 | 1 |
_3Table of contents _uhttp://catdir.loc.gov/catdir/toc/fy046/2002001569.html |
| 856 | 4 | 1 |
_3Table of contents _uhttp://www.loc.gov/catdir/toc/fy046/2002001569.html |
| 942 |
_2lcc _cBOOK |
||